| 000 | 00000nam 2200000zi 4500 |
| 001 | 9.947072 |
| 003 | CaOODSP |
| 005 | 20250303103444 |
| 006 | m o d f |
| 007 | cr |n||||||||| |
| 008 | 250117s1953 oncad o f000 0 eng d |
| 040 | |aCaOODSP|beng|erda|cCaOODSP |
| 043 | |an-cn-ns |
| 086 | 1 |aA52-256/1953E-PDF |
| 086 | 1 |zA51-85E-PDF |
| 245 | 00|aExperimental Station, Kentville, N.S. : |bprogress report for the years 1947 to 1951. |
| 264 | 1|aOttawa, Canada : |bMinister of Agriculture, |c[1953] |
| 300 | |a1 online resource (89 pages) : |billustrations, chart |
| 336 | |atext|btxt|2rdacontent |
| 337 | |acomputer|bc|2rdamedia |
| 338 | |aonline resource|bcr|2rdacarrier |
| 500 | |aDigitized edition from print [provided by Agriculture and Agri-Food Canada]. |
| 550 | |aIssued by Experimental Farms Service. |
| 610 | 25|aExperimental Station (Kentville, N.S.) |
| 610 | 25|aStation expérimentale (Kentville, N.-É.) |
| 650 | 0|aAgricultural experiment stations|zNova Scotia|zKentville. |
| 650 | 6|aStations agronomiques|zNouvelle-Écosse|zKentville. |
| 710 | 2 |aExperimental Station (Kentville, N.S.), |eissuing body. |
| 710 | 2 |aDominion Experimental Farms and Stations (Canada), |eissuing body. |
| 710 | 1 |aCanada. |bExperimental Farms Service, |eissuing body. |
| 856 | 40|qPDF|s15.50 MB|uhttps://publications.gc.ca/collections/collection_2024/aac-aafc/A51-85-1947-eng.pdf |
| 986 | |a10M—17332—7:53 |